00303nam a2200121 a 4500008004100000020001500041050002000056100002000076245002700096260003200123300001700155350000900172120416s0000 ||||||||||||||||| || u a090639113x aPR 6061.E57 Ken aKennaway, James10aSome gorgeous accident aEdinburghbMainstreamc1981 a[iii], 194p. a0.00